| 000 | 00510nam a2200181Ia 4500 | ||
|---|---|---|---|
| 008 | 240925s9999 xx 000 0 und d | ||
| 020 | _a1562059440 | ||
| 082 | _a005.4469 HAR | ||
| 100 | _aHarwood, Ted | ||
| 245 | 0 | _aWindows NT Terminal Server: and citrix meta frame | |
| 250 | _aNA | ||
| 260 |
_aIndianapolis: _bNew Riders _c,1999. |
||
| 300 |
_axv,483p. _bNA _fOriginal |
||
| 500 | _aIncludes Index | ||
| 600 | _aComputer Science | ||
| 650 | _aComputer science, information & general works | ||
| 942 | _cBK | ||
| 999 |
_c6085 _d6085 |
||